000 00795cab a2200253 4500
001 WB3113-44
008 090401t1995 xxu||||| |||| 00| 0 eng d
035 _a(Sirsi) u41195
041 _aeng
245 _aLondon business rates
260 _c1995
350 _a0
490 _aFinancial Times
_v31 March 1995, 11(1)
520 _aThe Corporation of London is to continue campaigning to reduce London`s business rates bills, following its claims that government regulations allowing reductions in 1998 and 1999 are a useful concession.
650 _aBUSINESS RATES
650 _aCORPORATION OF LONDON
650 _aFAIR RATES FOR LONDON
650 _aLONDON
650 _aPHASING
650 _aREDUCTION
690 _aRATING AND VALUATION
942 _n0
948 _c04/03/1997
999 _c26463
_d26463